00877nam a22002657a 450000500170000001000130001702000230003003500130005303700160006604000120008208200130009410000290010724500670013624600060020326000420020927000450025130000200029649000060031650000500032265000300037265000390040294200220044199900190046395201290048220170124105913.0 aB-058658 c525.00a8170003237 aB-058658 bCen Lib/Ret aDPLbEN a023bMAH aMahapatra, R. K.9113736 aHuman resources management in libraaries /cby P. K. Mahapatra b  bEss Ess Publicationsc2002aNew Delhi a4837/24, Ansari Road bNew Delhie110002 a233p.c20cm(Hb) a  aincludes bibliographical references and index aLibrary Sciences 9113737 aHuman Resources Management9113738 2ddccENh023mMAH c122608d122608 001040718REFaLbLd2015-05-28eCen Lib/Retg525.00l0o023 MAHpB-058658r2015-05-28 00:00:00t1v525.00w2016-09-15yEN